[Event "35th Pan-American U20"]
[Site "Cali COL"]
[Date "2010.05.21"]
[Round "3.7"]
[White "Herrera, Juan Sebastian"]
[Black "Ceron, Edgar Ivan"]
[Result "1-0"]
[WhiteElo "2122"]
[BlackElo "2010"]
[EventDate "2010.05.20"]
[PlyCount "61"]

1.e4 e6 2.d4 d5 3.Nd2 c5 4.Ngf3 cxd4 5.exd5 Qxd5 6.Bc4 Qd6 7.O-O Nf6 8.Nb3
Nc6 9.Nbxd4 Nxd4 10.Qxd4 Bd7 11.Be3 Rc8 12.Qh4 Qc7 13.Bb3 Bd6 14.Rad1 a6 
15.Rfe1 h6 16.Bd4 Be7 17.Ne5 g5 18.Qh3 Rd8 19.Nxf7 Kxf7 20.Bxe6+ Bxe6 21.
Qxe6+ Kg6 22.Qxe7 Qxe7 23.Rxe7 Rhe8 24.Rxe8 Nxe8 25.Rd2 Kf5 26.f3 Nc7 27.
Bc3 Nd5 28.Ba5 Rd7 29.c4 Nb6 30.b3 Rxd2 31.Bxd2 1-0

[Event "35th Pan-American U20"]
[Site "Cali COL"]
[Date "2010.05.21"]
[Round "3.8"]
[White "Escobar Medina, Andres F"]
[Black "Dominguez, Oscar"]
[Result "1/2-1/2"]
[WhiteElo "2113"]
[BlackElo "1921"]
[EventDate "2010.05.20"]
[PlyCount "72"]

1.e4 e6 2.d3 d5 3.Nd2 Nf6 4.Ngf3 Nc6 5.g3 dxe4 6.dxe4 e5 7.Bg2 Bc5 8.O-O 
O-O 9.c3 a5 10.Qc2 Qe7 11.h3 a4 12.Re1 b5 13.Nf1 b4 14.Be3 Ba6 15.cxb4 
Bxe3 16.Qxc6 Bxf1 17.Bxf1 Bb6 18.a3 Rad8 19.Qxa4 Nh5 20.Kg2 Rd6 21.Qb5 Rf6
22.Re2 Rg6 23.Qxe5 Qxe5 24.Nxe5 Nf4+ 25.Kh2 Nxe2 26.Bxe2 Rd6 27.Nd3 Rfd8 
28.Rd1 Rc6 29.Kg2 Rc2 30.Kf1 Kf8 31.Rc1 Rd2 32.Rc3 Bd4 33.Rb3 Rc2 34.a4 
Rc8 35.Bd1 Rc4 36.Bf3 Rb8 1/2-1/2

[Event "35th Pan-American U20"]
[Site "Cali COL"]
[Date "2010.05.21"]
[Round "3.9"]
[White "Zuleta, Juan Esteban"]
[Black "Ruiz C, Joshua D"]
[Result "0-1"]
[WhiteElo "1916"]
[BlackElo "2094"]
[EventDate "2010.05.20"]
[PlyCount "130"]

1.e4 c5 2.Nf3 d6 3.d4 cxd4 4.Nxd4 Nf6 5.Nc3 a6 6.f3 e5 7.Nb3 Be6 8.g4 g6 
9.Be3 Be7 10.Qd2 h5 11.g5 Nfd7 12.h4 Nc6 13.O-O-O Na5 14.Nd5 Nxb3+ 15.axb3
Bxd5 16.Qxd5 Qc7 17.Bc4 O-O 18.f4 b5 19.Be2 Rac8 20.Rd2 exf4 21.Bxf4 Ne5 
22.Rg1 Qa5 23.Kb1 Rc5 24.Qb7 Rc7 25.b4 Rxb7 26.bxa5 Rfb8 27.b3 Bf8 28.Rgd1
Rc8 29.Rd5 Rbc7 30.Bxe5 dxe5 31.c4 bxc4 32.Bxc4 Re8 33.Bxa6 Ra8 34.Bc4 Rc5
35.Rd7 Rcxa5 36.Bxf7+ Kh8 37.Bxg6 Ra1+ 38.Kc2 R1a2+ 39.Kd3 Rb8 40.Bf7 Rh2 
41.g6 Rxh4 42.Bc4 Bg7 43.Kc2 Rf4 44.Rh1 h4 45.Rhd1 Rbf8 46.Rg1 h3 47.Rd3 
Rh4 48.Rh1 Rf2+ 49.Kc3 h2 50.Rd8+ Bf8 51.Rd7 Rf3+ 52.Bd3 Rg3 53.Rh7+ Rxh7 
54.gxh7 Rh3 55.Kd2 Bc5 56.Kc3 Bg1 57.Kc4 Kxh7 58.Bf1 Rf3 59.Bg2 Rg3 60.Bf1
Kg6 61.b4 Kg5 62.Kd5 Rb3 63.Bc4 Rb2 64.Bf1 Bd4 65.Kc6 Bg1 0-1

[Event "35th Pan-American U20"]
[Site "Cali COL"]
[Date "2010.05.21"]
[Round "3.10"]
[White "Duran Vega, Sergio"]
[Black "Mayorquin, Nicolas"]
[Result "1-0"]
[WhiteElo "2082"]
[BlackElo "1848"]
[EventDate "2010.05.20"]
[PlyCount "85"]

1.e4 c5 2.Nf3 d6 3.d4 cxd4 4.Nxd4 Nf6 5.Nc3 a6 6.Bg5 e6 7.f4 Nbd7 8.Qe2 
Qc7 9.O-O-O Be7 10.g3 O-O 11.Bg2 Rb8 12.Rhe1 b5 13.e5 dxe5 14.Nc6 Bc5 15.
Nxb8 Qxb8 16.fxe5 Ne8 17.Ne4 Qxe5 18.Bf4 Qf5 19.Rf1 e5 20.Nxc5 exf4 21.
Nxd7 Bxd7 22.Rxf4 Qe6 23.Qxe6 Bxe6 24.Bd5 Nc7 25.Bxe6 Nxe6 26.Rf5 g6 27.
Re5 Ra8 28.Rd7 Kf8 29.b3 h5 30.Kb2 Ke8 31.Rb7 Kf8 32.c4 bxc4 33.bxc4 Rc8 
34.Kc3 Rc6 35.a4 Nc5 36.Rb8+ Kg7 37.Rxc5 Rxc5 38.Rb6 a5 39.Rb5 Rc6 40.Kd4 
Kf6 41.Kd5 Rc8 42.Rb6+ Ke7 43.Rb7+ 1-0

[Event "35th Pan-American U20"]
[Site "Cali COL"]
[Date "2010.05.21"]
[Round "3.13"]
[White "Duque, Juan Camilo"]
[Black "Moran, Daniel Stiven"]
[Result "0-1"]
[WhiteElo "1974"]
[BlackElo "2117"]
[EventDate "2010.05.20"]
[PlyCount "120"]

1.e4 e6 2.d4 d5 3.exd5 exd5 4.Nc3 Nf6 5.Nf3 Nc6 6.Bf4 Bg4 7.Be2 Be7 8.O-O 
O-O 9.Re1 a6 10.Ne5 Be6 11.Bf3 Re8 12.Bg3 Na7 13.Ne2 c6 14.Nf4 Bf5 15.Nh5 
Ne4 16.Bxe4 Bxe4 17.Nxg7 Kxg7 18.Rxe4 dxe4 19.Qg4+ Bg5 20.h4 f6 21.hxg5 
fxe5 22.Bxe5+ Rxe5 23.dxe5 Qe7 24.e6 Rd8 25.Qxe4 Nc8 26.Qe5+ Kg8 27.c4 Nb6
28.b3 Qg7 29.Qxg7+ Kxg7 30.f4 Kg6 31.g4 Nc8 32.Kf2 h5 33.gxh5+ Kf5 34.Re1 
Ne7 35.Kg3 Rd3+ 36.Kh4 Rf3 37.Rd1 Rxf4+ 38.Kg3 Rg4+ 39.Kf3 Rf4+ 40.Kg3 
Rg4+ 41.Kf3 Rxg5 42.Rd7 Kxe6 43.Rxb7 Rxh5 44.b4 Rh4 45.b5 Rxc4 46.bxc6 
Rxc6 47.Ke3 Rd6 48.a4 Nf5+ 49.Ke2 Ng3+ 50.Ke3 Nf5+ 51.Ke2 Kd5 52.a5 Kc5 
53.Kf3 Nd4+ 54.Ke4 Nc6 55.Rb6 Nxa5 56.Rxd6 Kxd6 57.Kd4 Kc6 58.Kc3 Kb5 59.
Kb2 Kb4 60.Ka2 Ka4 0-1

[Event "35th Pan-American U20"]
[Site "Cali COL"]
[Date "2010.05.21"]
[Round "3.15"]
[White "Chavarro, Jeffry"]
[Black "Parra, Brayan"]
[Result "1-0"]
[WhiteElo "2035"]
[BlackElo "1807"]
[EventDate "2010.05.20"]
[PlyCount "77"]

1.e4 e5 2.Nf3 Nc6 3.Bb5 a6 4.Ba4 Nf6 5.O-O b5 6.Bb3 Be7 7.Re1 d6 8.c3 O-O 
9.d3 Na5 10.Bc2 c5 11.Nbd2 Qc7 12.Nf1 Re8 13.d4 Bf8 14.h3 g6 15.d5 Bd7 16.
Ng3 Rec8 17.Nh2 Bg7 18.Ng4 Nxg4 19.hxg4 b4 20.Bd2 Nc4 21.Bc1 bxc3 22.b3 
Nb6 23.Re3 a5 24.Nf5 Bf8 25.Rh3 a4 26.Qf3 axb3 27.Bxb3 Ba4 28.Bxa4 Rxa4 
29.Bg5 c2 30.Rxh7 Kxh7 31.Qh3+ Kg8 32.Bf6 Bg7 33.Bxg7 f6 34.Qh8+ Kf7 35.
Nh6+ Ke7 36.Bxf6+ Kd7 37.Qg7+ Ke8 38.Qg8+ Kd7 39.Qf7# 1-0

[Event "35th Pan-American U20"]
[Site "Cali COL"]
[Date "2010.05.22"]
[Round "4.1"]
[White "Arenas, David"]
[Black "Rios, Cristhian Camilo"]
[Result "0-1"]
[WhiteElo "2313"]
[BlackElo "2267"]
[EventDate "2010.05.20"]
[PlyCount "70"]

1.e4 c5 2.Nf3 e6 3.d4 cxd4 4.Nxd4 Nf6 5.Nc3 d6 6.Be3 a6 7.f3 b5 8.g4 h6 9.
h4 b4 10.Nce2 e5 11.Nb3 Nc6 12.Ng3 Be6 13.Bd3 Qc7 14.Rg1 d5 15.Qe2 a5 16.
g5 hxg5 17.hxg5 d4 18.gxf6 dxe3 19.fxg7 Bxg7 20.Bb5 Qb6 21.Nf5 Bf8 22.Rd1 
a4 23.Nc1 Ra5 24.Bxc6+ Qxc6 25.Qd3 Qc7 26.Nxe3 Bc5 27.Rg2 Bd4 28.b3 Rc5 
29.Ne2 Rh1+ 30.Nf1 Bh3 31.Rg8+ Ke7 32.Nxd4 exd4 33.Kd2 Bxf1 34.Rxf1 Rxc2+ 
35.Kd1 Rxf1+ 0-1

[Event "35th Pan-American U20"]
[Site "Cali COL"]
[Date "2010.05.22"]
[Round "4.2"]
[White "Macias Murillo, Bryan"]
[Black "Bassan, Remo"]
[Result "1-0"]
[WhiteElo "2347"]
[BlackElo "2164"]
[EventDate "2010.05.20"]
[PlyCount "89"]

1.Nf3 f5 2.g3 d6 3.d4 g6 4.Bg2 Bg7 5.O-O Nf6 6.c4 O-O 7.Nc3 Nc6 8.d5 Ne5 
9.Nxe5 dxe5 10.Qb3 Kh8 11.Rd1 h6 12.Bd2 g5 13.Na4 e4 14.Bc3 b6 15.Rac1 Bd7
16.Be5 Qe8 17.Nc3 c5 18.dxc6 Bxc6 19.Nb5 Rc8 20.Nc7 Qf7 21.c5 Qxb3 22.axb3
bxc5 23.Ne6 Rfe8 24.Rxc5 Bb7 25.b4 a6 26.e3 Rxc5 27.bxc5 Bc6 28.b4 Nh5 29.
Nxg7 Nxg7 30.Bf1 Ra8 31.Ra1 a5 32.Rxa5 Rxa5 33.bxa5 Kg8 34.Bc4+ Kf8 35.a6 
Nh5 36.Be6 Nf6 37.Bxf6 exf6 38.Bxf5 Ke8 39.Bc8 Kd8 40.Bb7 Bxb7 41.axb7 Kc7
42.c6 f5 43.Kf1 h5 44.h4 g4 45.Ke2 1-0

[Event "35th Pan-American U20"]
[Site "Cali COL"]
[Date "2010.05.22"]
[Round "4.3"]
[White "Saltos Velez, Adrian"]
[Black "Narvaez, Zamir"]
[Result "0-1"]
[WhiteElo "2154"]
[BlackElo "2176"]
[EventDate "2010.05.20"]
[PlyCount "42"]

1.e4 c5 2.c3 Nf6 3.e5 Nd5 4.d4 cxd4 5.cxd4 d6 6.exd6 Qxd6 7.Nc3 Nc6 8.Nf3 
Bg4 9.Be3 e6 10.Bd3 Nf4 11.Bxf4 Qxf4 12.Be2 Rd8 13.Qa4 Bb4 14.O-O O-O 15.
a3 Bxf3 16.axb4 Bxe2 17.Nxe2 Qd2 18.b5 Qxe2 19.bxc6 bxc6 20.Qxc6 Rxd4 21.
Rxa7 Rd1 0-1

[Event "35th Pan-American U20"]
[Site "Cali COL"]
[Date "2010.05.22"]
[Round "4.4"]
[White "Barros, Raul Junior"]
[Black "Torres, Juan Camilo"]
[Result "1-0"]
[WhiteElo "2072"]
[BlackElo "2172"]
[EventDate "2010.05.20"]
[PlyCount "61"]

1.e4 c5 2.Nf3 e6 3.d4 cxd4 4.Nxd4 a6 5.Nc3 Qc7 6.Bd3 Nf6 7.O-O d6 8.Be3 g6
9.h3 Bg7 10.f4 O-O 11.Qe2 Nbd7 12.a4 b6 13.Rae1 Bb7 14.f5 gxf5 15.Bf2 d5 
16.exd5 Nxd5 17.Nxe6 Nxc3 18.Nxc7 Nxe2+ 19.Rxe2 Rac8 20.Nxa6 Bxb2 21.Nb4 
Nc5 22.Bxf5 Ra8 23.Nd3 Nxa4 24.Nxb2 Nxb2 25.Re7 Bd5 26.Bd4 Nc4 27.Rf4 Rfe8
28.Rd7 Red8 29.Rg4+ Kf8 30.Bg7+ Ke8 31.Bf6 1-0

[Event "35th Pan-American U20"]
[Site "Cali COL"]
[Date "2010.05.22"]
[Round "4.5"]
[White "Guelgua, Alvaro"]
[Black "Fernandez, Fernando"]
[Result "0-1"]
[WhiteElo "2022"]
[BlackElo "2388"]
[EventDate "2010.05.20"]
[PlyCount "90"]

1.e4 c5 2.Nf3 Nc6 3.Nc3 g6 4.d4 cxd4 5.Nxd4 Bg7 6.Be3 Nf6 7.Bc4 Qa5 8.O-O 
O-O 9.Bb3 d6 10.h3 Bd7 11.f4 Rfc8 12.Qf3 Be8 13.g4 Nd7 14.Nxc6 bxc6 15.f5 
Ne5 16.Qf2 c5 17.Nd5 c4 18.Nxe7+ Kh8 19.Nxc8 Rxc8 20.Rfd1 cxb3 21.axb3 Qb4
22.Rd4 Nf3+ 23.Qxf3 Bxd4 24.c3 Rxc3 25.bxc3 Qxc3 26.Rd1 Qxe3+ 27.Qxe3 
Bxe3+ 28.Kg2 Bc5 29.f6 Bc6 30.Kf3 h6 31.h4 g5 32.hxg5 hxg5 33.Rh1+ Kg8 34.
Rh5 Bd4 35.Rxg5+ Kf8 36.Ra5 Ke8 37.g5 Kd7 38.Rf5 Ke6 39.Kf4 Be5+ 40.Ke3 
Bxe4 41.Rf1 Bc2 42.b4 d5 43.Rf2 d4+ 44.Kd2 Bg6 45.Rf1 d3 0-1

[Event "35th Pan-American U20"]
[Site "Cali COL"]
[Date "2010.05.22"]
[Round "4.6"]
[White "Carlo, Daniel"]
[Black "Herrera, Juan Sebastian"]
[Result "1-0"]
[WhiteElo "2068"]
[BlackElo "2122"]
[EventDate "2010.05.20"]
[PlyCount "80"]

1.Nf3 d5 2.b3 Nf6 3.g3 e6 4.Bg2 Bd6 5.Bb2 Qe7 6.c4 c6 7.O-O Nbd7 8.d4 dxc4
9.bxc4 e5 10.e3 O-O 11.a4 Rd8 12.Qb3 exd4 13.exd4 Nf8 14.Nc3 Qc7 15.Bc1 h6
16.a5 Bg4 17.Be3 Ne6 18.Rfb1 Rab8 19.Qa4 Bf8 20.Rd1 Ng5 21.Bxg5 hxg5 22.h3
Bh5 23.g4 Bg6 24.Nxg5 Qf4 25.Nf3 Ne4 26.Ne2 Qf6 27.Ra2 Bd6 28.Rf1 Bc7 29.
Qa3 Qe6 30.Qc1 c5 31.d5 Qd6 32.Re1 Rf8 33.Nc3 Nxc3 34.Qxc3 Rbe8 35.Rae2 f6
36.Nh4 Rxe2 37.Rxe2 Re8 38.Nf5 Qh2+ 39.Kf1 Qf4 40.Qd3 Qc1+ 1-0

[Event "35th Pan-American U20"]
[Site "Cali COL"]
[Date "2010.05.22"]
[Round "4.7"]
[White "Ruiz C, Joshua D"]
[Black "Duran Vega, Sergio"]
[Result "0-1"]
[WhiteElo "2094"]
[BlackElo "2082"]
[EventDate "2010.05.20"]
[PlyCount "118"]

1.e4 c5 2.Nf3 d6 3.d4 cxd4 4.Nxd4 Nf6 5.Nc3 g6 6.Be3 Bg7 7.f3 Nc6 8.Qd2 
O-O 9.O-O-O d5 10.exd5 Nxd5 11.Nxc6 bxc6 12.Nxd5 cxd5 13.Qxd5 Qc7 14.Qc5 
Qb7 15.Qa3 Bf5 16.c3 Rab8 17.Ba6 Qc6 18.Bd3 Be6 19.Bxa7 Ra8 20.Be4 Bh6+ 
21.Kb1 Bf5 22.Bxf5 gxf5 23.Qxe7 Qa4 24.Rd7 Rae8 25.Qd6 Re2 26.Qd1 Qb5 27.
b3 Qa6 28.a4 Rfe8 29.Qd3 Qe6 30.Rd5 Rd2 31.Qxd2 Bxd2 32.Rxd2 Qxb3+ 33.Rb2 
Qxc3 34.Bb6 Qd3+ 35.Ka2 Qc4+ 36.Ka3 h5 37.Rhb1 Kh7 38.a5 Ra8 39.Rb5 Ra6 
40.R1b3 Qc1+ 41.Kb4 Kg6 42.Rc5 Qd2+ 43.Kb5 Qe2+ 44.Rc4 Ra8 45.Rc3 Qxg2 46.
h4 Qb2+ 47.Kc6 Qa2 48.Rc5 Qa4+ 49.Kb7 Re8 50.a6 Qd7+ 51.Rc7 Qd5+ 52.R3c6+ 
f6 53.a7 Qxf3 54.Rd7 Re6 55.Rc7 Re8 56.Bc5 Qb3+ 57.Ka6 Qa4+ 58.Kb6 Qb3+ 
59.Ka5 Re4 0-1

[Event "35th Pan-American U20"]
[Site "Cali COL"]
[Date "2010.05.22"]
[Round "4.8"]
[White "Blit, Jacques"]
[Black "Escobar Medina, Andres F"]
[Result "1-0"]
[WhiteElo "2398"]
[BlackElo "2113"]
[EventDate "2010.05.20"]
[PlyCount "53"]

1.e4 c5 2.Nf3 d6 3.d4 cxd4 4.Nxd4 Nf6 5.Nc3 a6 6.Bc4 e6 7.Bb3 b5 8.Qf3 Qc7
9.Bg5 Be7 10.O-O O-O 11.Rae1 b4 12.Nd1 Nc6 13.c3 Bb7 14.Nxc6 Bxc6 15.c4 
Nxe4 16.Bxe7 Qxe7 17.Rxe4 Qb7 18.Rfe1 f5 19.Qg3 Bxe4 20.Qxd6 Qc6 21.Qxb4 
a5 22.Qa4 Bxg2 23.Qxc6 Bxc6 24.Rxe6 Rac8 25.Ne3 a4 26.Bd1 Rfe8 27.Rxc6 1-0

[Event "35th Pan-American U20"]
[Site "Cali COL"]
[Date "2010.05.22"]
[Round "4.9"]
[White "Sanchez Maya, Simon"]
[Black "Giron, David"]
[Result "0-1"]
[WhiteElo "2189"]
[BlackElo "1997"]
[EventDate "2010.05.20"]
[PlyCount "70"]

1.e4 c5 2.d4 cxd4 3.c3 dxc3 4.Nxc3 e6 5.Nf3 Nc6 6.Bc4 a6 7.O-O Nge7 8.Bf4 
Ng6 9.Bg3 Be7 10.Qe2 b5 11.Bb3 Bb7 12.Rfd1 Na5 13.Rd2 Nxb3 14.axb3 b4 15.
Na4 O-O 16.Rad1 Bc6 17.Nd4 Bxa4 18.bxa4 Qa5 19.f4 Bc5 20.Kh1 d6 21.f5 Bxd4
22.Rxd4 exf5 23.Rd5 Qxa4 24.exf5 Rfe8 25.Qh5 Ne7 26.b3 Qa3 27.R5d4 Qa5 28.
Rf1 Rac8 29.h3 g6 30.Rg4 Rc5 31.fxg6 Rxh5 32.gxf7+ Kf8 33.Bxd6 Rxh3+ 34.
gxh3 Qd5+ 35.Rg2 Qxd6 0-1

[Event "35th Pan-American U20"]
[Site "Cali COL"]
[Date "2010.05.22"]
[Round "4.10"]
[White "Moran, Daniel Stiven"]
[Black "Dominguez, Oscar"]
[Result "1/2-1/2"]
[WhiteElo "2117"]
[BlackElo "1921"]
[EventDate "2010.05.20"]
[PlyCount "85"]

1.d4 d5 2.c4 e6 3.Nc3 Nf6 4.Bg5 Bb4 5.cxd5 exd5 6.Qc2 Nbd7 7.e3 c5 8.Bd3 
Qa5 9.Nf3 O-O 10.O-O c4 11.Bf5 Re8 12.Bh4 Bxc3 13.bxc3 Ne4 14.Ng5 Ndf6 15.
Bxc8 Raxc8 16.Rac1 Nxg5 17.Bxg5 Ne4 18.Bf4 Rc6 19.f3 Nf6 20.g4 Ra6 21.Rf2 
Qa4 22.Qd2 Qc6 23.Kg2 b5 24.Rb1 Rb6 25.Qc1 a5 26.Rfb2 Re7 27.Qe1 Reb7 28.
a3 Qe6 29.Bg5 Nd7 30.e4 f6 31.Bd2 Qd6 32.a4 bxa4 33.Rxb6 Rxb6 34.exd5 Rxb1
35.Qxb1 Qxd5 36.Bc1 Qe6 37.Kf2 Nb6 38.Qb5 h6 39.Qxa5 Qd6 40.Kg2 Qe6 41.Kf2
Qd6 42.Kg2 Qe6 43.Kf2 1/2-1/2

[Event "35th Pan-American U20"]
[Site "Cali COL"]
[Date "2010.05.22"]
[Round "4.11"]
[White "Mayorquin, Nicolas"]
[Black "Rojas Alarcon, Julian Antonio"]
[Result "0-1"]
[WhiteElo "1848"]
[BlackElo "2323"]
[EventDate "2010.05.20"]
[PlyCount "94"]

1.e4 c5 2.Nf3 d6 3.d4 cxd4 4.Nxd4 Nf6 5.Nc3 g6 6.Be3 Bg7 7.f3 O-O 8.Qd2 
Nc6 9.O-O-O d5 10.exd5 Nxd5 11.Nxc6 bxc6 12.Bd4 Nxc3 13.Qxc3 Bh6+ 14.Be3 
Bxe3+ 15.Qxe3 Qb6 16.Qxb6 axb6 17.a3 Be6 18.Bd3 b5 19.c3 Rfb8 20.Be4 Ra6 
21.Rd2 f5 22.Bc2 c5 23.Rhd1 Rbb6 24.g3 Kg7 25.f4 h6 26.h4 Kf6 27.Rd8 b4 
28.cxb4 cxb4 29.R1d3 b3 30.Bb1 g5 31.hxg5+ hxg5 32.R8d4 Ra8 33.Rd8 Ra7 34.
fxg5+ Kxg5 35.Rc3 Bf7 36.Rc5 Rf6 37.Rd4 Ra8 38.g4 e6 39.gxf5 exf5 40.Rd1 
Ra4 41.Rg1+ Rg4 42.Rxg4+ Kxg4 43.Kd2 f4 44.Ke2 f3+ 45.Kf2 Rd6 46.Rc1 Rd2+ 
47.Ke3 Re2+ 0-1

[Event "35th Pan-American U20"]
[Site "Cali COL"]
[Date "2010.05.22"]
[Round "4.12"]
[White "Valencia, David Fernando"]
[Black "Chavarro, Jeffry"]
[Result "1/2-1/2"]
[WhiteElo "1826"]
[BlackElo "2035"]
[EventDate "2010.05.20"]
[PlyCount "129"]

1.e4 c5 2.c4 e6 3.Nc3 Nc6 4.Nge2 g6 5.g3 Bg7 6.Bg2 Nge7 7.O-O O-O 8.d3 Rb8
9.a4 d6 10.f4 f5 11.Be3 Nd4 12.h3 Bd7 13.Nb5 Nxb5 14.axb5 Qb6 15.Nc3 a6 
16.Na4 Qd8 17.Qb3 axb5 18.cxb5 Ra8 19.e5 c4 20.dxc4 dxe5 21.Bxb7 Rb8 22.
Bb6 Qe8 23.Bg2 e4 24.Rfd1 Rf7 25.Nc5 Bxb5 26.Nxe6 Rxb6 27.Nc7 Qc8 28.Ra8 
Rb8 29.Rxb8 Qxb8 30.Nxb5 Nc6 31.Kf1 g5 32.fxg5 Ne5 33.Ke2 Nd3 34.Rxd3 
exd3+ 35.Qxd3 Qe5+ 36.Kd1 Re7 37.Qd5+ Kf8 38.Qxe5 Bxe5 39.c5 Bxb2 40.Nd6 
Ba3 41.Nxf5 Rd7+ 42.Ke2 Bxc5 43.Be4 Kf7 44.Kf3 Ke6 45.Nh6 Ke5 46.Ng4+ Kd4 
47.Nf6 Rf7 48.Bxh7 Be7 49.Kf4 Bxf6 50.gxf6 Rxh7 51.h4 Kd5 52.Kf5 Kd6 53.
Kg6 Rh8 54.Kg7 Rc8 55.g4 Ke6 56.g5 Rc7+ 57.Kg6 Rc8 58.Kg7 Rc7+ 59.Kg6 Rc8 
60.h5 Rg8+ 61.Kh6 Rh8+ 62.Kg7 Rxh5 63.g6 Rf5 64.f7 Ke7 65.Kh8 1/2-1/2

[Event "35th Pan-American U20"]
[Site "Cali COL"]
[Date "2010.05.22"]
[Round "4.14"]
[White "Ospina, Juan Pablo"]
[Black "Zuleta, Juan Esteban"]
[Result "1-0"]
[WhiteElo "1934"]
[BlackElo "1916"]
[EventDate "2010.05.20"]
[PlyCount "61"]

1.e4 c5 2.Nf3 d6 3.d4 cxd4 4.Nxd4 Nf6 5.Nc3 a6 6.a4 e6 7.f4 Be7 8.Be2 Nc6 
9.Be3 O-O 10.O-O Qc7 11.Qe1 Nxd4 12.Bxd4 e5 13.Be3 exf4 14.Bxf4 Qb6+ 15.
Kh1 Qxb2 16.Bd3 Qb6 17.Qg3 Nh5 18.Qf3 Nxf4 19.Qxf4 Be6 20.Nd5 Qd8 21.Rab1 
Bxd5 22.exd5 Rb8 23.Rfe1 Bf6 24.Qe4 g6 25.Rb3 Qc7 26.Qf4 Bc3 27.Reb1 Rfe8 
28.Qc4 Qxc4 29.Bxc4 Re4 30.Rxc3 b5 31.Bd3 1-0

[Event "35th Pan-American U20"]
[Site "Cali COL"]
[Date "2010.05.23"]
[Round "5.1"]
[White "Rios, Cristhian Camilo"]
[Black "Macias Murillo, Bryan"]
[Result "1-0"]
[WhiteElo "2267"]
[BlackElo "2347"]
[EventDate "2010.05.20"]
[PlyCount "97"]

1.d4 Nf6 2.c4 c5 3.d5 b5 4.cxb5 a6 5.f3 d6 6.e4 g6 7.Nc3 Bg7 8.a4 O-O 9.
Bc4 axb5 10.Bxb5 Ne8 11.Nge2 Nc7 12.Bc4 Nd7 13.Ng3 Ne5 14.Be2 c4 15.O-O 
Ba6 16.f4 Nd3 17.Bxd3 cxd3 18.Bd2 Qb8 19.Rb1 Rc8 20.f5 Ne8 21.fxg6 fxg6 
22.Qf3 Nf6 23.b4 Bc4 24.Qf4 Kh8 25.Kh1 Ra7 26.Qh4 Ng8 27.b5 e6 28.Rf3 Qb7 
29.Qh3 exd5 30.exd5 Re8 31.Nge4 Be5 32.Ng5 Bxd5 33.Rf7 Qxf7 34.Nxf7+ Bxf7 
35.b6 Rb7 36.Qxd3 Be6 37.Qf3 Rf7 38.Qe2 Bf5 39.Re1 Nf6 40.Qb5 Bd7 41.Qc4 
Be6 42.Qb5 Bd7 43.Qb4 Bc6 44.Qc4 Ref8 45.Bh6 Nd5 46.Bxf8 Bxc3 47.Rf1 Rxf1+
48.Qxf1 Nxb6 49.Bh6 1-0

[Event "35th Pan-American U20"]
[Site "Cali COL"]
[Date "2010.05.23"]
[Round "5.2"]
[White "Narvaez, Zamir"]
[Black "Barros, Raul Junior"]
[Result "1-0"]
[WhiteElo "2176"]
[BlackElo "2072"]
[EventDate "2010.05.20"]
[PlyCount "75"]

1.e4 c5 2.Nf3 e6 3.d4 cxd4 4.Nxd4 Nf6 5.Nc3 d6 6.Be3 a6 7.f3 b5 8.Qd2 Nbd7
9.O-O-O Bb7 10.g4 b4 11.Na4 Qa5 12.b3 Nc5 13.a3 Nxa4 14.axb4 Qc7 15.bxa4 
d5 16.e5 Nd7 17.f4 Nb6 18.a5 Na4 19.c4 dxc4 20.Bg2 c3 21.Qa2 Nb2 22.Nxe6 
fxe6 23.Qxe6+ Be7 24.Bb6 Bc8 25.Bc6+ Kf8 26.Qd5 Qb8 27.Bxa8 Nxd1 28.Rxd1 
Bxg4 29.Rd4 Qe8 30.Bc5 Bxc5 31.Qxc5+ Kf7 32.Bd5+ Kg6 33.Be4+ Kh6 34.e6 Qh5
35.Rd7 Rg8 36.Rd6 Qh4 37.e7+ g6 38.Qg5+ 1-0

[Event "35th Pan-American U20"]
[Site "Cali COL"]
[Date "2010.05.23"]
[Round "5.3"]
[White "Fernandez, Fernando"]
[Black "Arenas, David"]
[Result "1-0"]
[WhiteElo "2388"]
[BlackElo "2313"]
[EventDate "2010.05.20"]
[PlyCount "85"]

1.d4 Nf6 2.c4 g6 3.Nc3 Bg7 4.e4 d6 5.Nf3 O-O 6.Be2 e5 7.Be3 Ng4 8.Bg5 f6 
9.Bh4 c6 10.d5 h5 11.Nd2 Na6 12.a3 Nh6 13.f3 Nc7 14.b4 g5 15.Bf2 f5 16.c5 
dxc5 17.Bxc5 Re8 18.dxc6 bxc6 19.Nc4 Ne6 20.Nd6 Nd4 21.Nxe8 Qxe8 22.Bc4+ 
Kh8 23.O-O f4 24.Ne2 Qd8 25.Nxd4 exd4 26.Qd2 g4 27.Qxf4 gxf3 28.gxf3 Bh3 
29.Rf2 Qd7 30.Rd1 Rd8 31.Kh1 Kh7 32.Rfd2 Qe8 33.Qg3 Be6 34.Bxe6 Qxe6 35.
Bxd4 Rg8 36.Bxg7 Rxg7 37.Qh4 Qg6 38.Qg3 Qe6 39.Rd6 Qa2 40.Rd7 Nf7 41.Qh3 
Kh6 42.Rg1 Ne5 43.Rd6+ 1-0

[Event "35th Pan-American U20"]
[Site "Cali COL"]
[Date "2010.05.23"]
[Round "5.4"]
[White "Duran Vega, Sergio"]
[Black "Carlo, Daniel"]
[Result "1-0"]
[WhiteElo "2082"]
[BlackElo "2068"]
[EventDate "2010.05.20"]
[PlyCount "73"]

1.e4 c5 2.Nf3 e6 3.d4 cxd4 4.Nxd4 a6 5.Bd3 Nf6 6.O-O Qc7 7.Qe2 d6 8.c4 
Nbd7 9.Nc3 Be7 10.f4 b6 11.Be3 Bb7 12.b4 O-O 13.Rac1 Rfe8 14.h3 Bf8 15.Nf3
Rac8 16.Qf2 Ba8 17.a3 Rb8 18.Qh4 Be7 19.Qf2 Bf8 20.Kh1 g6 21.Bd4 Bg7 22.
Qh4 Qd8 23.Rcd1 Nh5 24.Qf2 Nxf4 25.Bxg7 Kxg7 26.Bc2 Qe7 27.Qd4+ e5 28.Qxd6
Qxd6 29.Rxd6 Rbd8 30.Rfd1 Re7 31.Ba4 b5 32.cxb5 Rc8 33.Rxd7 Rxd7 34.Rxd7 
Rxc3 35.Nxe5 Bxe4 36.Rxf7+ Kg8 37.Rxf4 1-0

[Event "35th Pan-American U20"]
[Site "Cali COL"]
[Date "2010.05.23"]
[Round "5.5"]
[White "Giron, David"]
[Black "Blit, Jacques"]
[Result "0-1"]
[WhiteElo "1997"]
[BlackElo "2398"]
[EventDate "2010.05.20"]
[PlyCount "54"]

1.e4 c5 2.Nf3 Nc6 3.d4 cxd4 4.Nxd4 Nf6 5.Nc3 e5 6.Ndb5 d6 7.Bg5 a6 8.Na3 
b5 9.Nd5 Be7 10.Bxf6 Bxf6 11.c3 O-O 12.Nc2 Bg5 13.a4 bxa4 14.Rxa4 a5 15.
Bc4 Rb8 16.b3 Kh8 17.O-O g6 18.f4 exf4 19.Nxf4 Ne5 20.Bd5 Bd7 21.Ra2 Qc7 
22.Qa1 f5 23.Ne6 Bxe6 24.Bxe6 fxe4 25.Rxf8+ Rxf8 26.Rxa5 Qb6+ 27.Kh1 Qxa5 
0-1

[Event "35th Pan-American U20"]
[Site "Cali COL"]
[Date "2010.05.23"]
[Round "5.6"]
[White "Bassan, Remo"]
[Black "Saltos Velez, Adrian"]
[Result "1-0"]
[WhiteElo "2164"]
[BlackElo "2154"]
[EventDate "2010.05.20"]
[PlyCount "57"]

1.e4 c5 2.Nc3 e6 3.g3 d5 4.d3 Nf6 5.Bg2 Nc6 6.Nh3 d4 7.Ne2 Qa5+ 8.Bd2 Qb6 
9.Rb1 e5 10.O-O h5 11.f4 h4 12.fxe5 Nxe5 13.Qe1 c4 14.gxh4 cxd3 15.cxd3 
Nxd3 16.Qg3 Nc5 17.Nef4 Be6 18.Nxe6 Nxe6 19.e5 Nd7 20.Ng5 Nxg5 21.Bxg5 Be7
22.Bxe7 Kxe7 23.Qg5+ Kf8 24.Qf5 d3+ 25.Kh1 Nxe5 26.Qxe5 Rxh4 27.Rxf7+ Kxf7
28.Bd5+ Kg6 29.Qg3+ 1-0

[Event "35th Pan-American U20"]
[Site "Cali COL"]
[Date "2010.05.23"]
[Round "5.7"]
[White "Rojas Alarcon, Julian Antonio"]
[Black "Ceron, Edgar Ivan"]
[Result "0-1"]
[WhiteElo "2323"]
[BlackElo "2010"]
[EventDate "2010.05.20"]
[PlyCount "100"]

1.e4 e6 2.d4 d5 3.Nc3 Bb4 4.e5 c5 5.a3 Bxc3+ 6.bxc3 Ne7 7.Qg4 O-O 8.Bd3 
Nbc6 9.Nf3 f5 10.exf6 Rxf6 11.Bg5 Rf7 12.Bd2 g6 13.Qh4 c4 14.Be2 Qa5 15.
Ng5 Nf5 16.Qh3 Re7 17.g4 Nd6 18.f4 Bd7 19.Kd1 Rf8 20.Rg1 Nb5 21.Qe3 Nd6 
22.h4 Rf6 23.h5 Kf8 24.Rh1 h6 25.Nf3 Ke8 26.Ne5 gxh5 27.Rxh5 Kd8 28.Bxc4 
Be8 29.Nxc6+ bxc6 30.Qe5 Bxh5 31.gxh5 Ne8 32.Bd3 Qb6 33.Ke2 Rf5 34.Qe3 
Rxh5 35.Qf2 Rg7 36.Rg1 Rxg1 37.Qxg1 Qb7 38.c4 Qg7 39.Ba5+ Kd7 40.Qf2 Qg4+ 
41.Kd2 Nd6 42.cxd5 cxd5 43.Kc1 Rh1+ 44.Kb2 Qg1 45.Qf3 Qa1+ 46.Kb3 Rb1+ 47.
Ka4 Qxd4+ 48.Bb4 Nb7 49.Bb5+ Kc7 50.c4 Qd1+ 0-1

[Event "35th Pan-American U20"]
[Site "Cali COL"]
[Date "2010.05.23"]
[Round "5.8"]
[White "Torres, Juan Camilo"]
[Black "Guelgua, Alvaro"]
[Result "1-0"]
[WhiteElo "2172"]
[BlackElo "2022"]
[EventDate "2010.05.20"]
[PlyCount "91"]

1.d4 d5 2.c4 c6 3.Nc3 Nf6 4.Nf3 e6 5.e3 Nbd7 6.Qc2 Bd6 7.g4 dxc4 8.Bxc4 e5
9.g5 Nd5 10.Ne4 Bc7 11.Bd2 exd4 12.Nxd4 N7b6 13.Be2 Qe7 14.a3 Bh3 15.Bd3 
Rd8 16.O-O-O Nd7 17.f4 Bb6 18.Rde1 Nc5 19.Nxc5 Qxc5 20.Bc4 O-O 21.Rhg1 
Rfe8 22.Rg3 Bc8 23.f5 Bc7 24.Nb3 Bxg3 25.Nxc5 Bxe1 26.g6 Bxd2+ 27.Qxd2 
hxg6 28.fxg6 Be6 29.Nxb7 Rd7 30.Nc5 Rde7 31.e4 Nc7 32.Nxe6 Nxe6 33.gxf7+ 
Kxf7 34.Qf4+ Kg6 35.Qf5+ Kh6 36.h4 Rf8 37.Qe5 Rf6 38.Qd6 Re8 39.Qd7 Rd8 
40.Qe7 Rd4 41.b3 Rxe4 42.Qe8 Rf2 43.Qh8+ Kg6 44.Bd3 Kf5 45.Qh7+ g6 46.Qf7+
1-0

[Event "35th Pan-American U20"]
[Site "Cali COL"]
[Date "2010.05.23"]
[Round "5.9"]
[White "Herrera, Juan Sebastian"]
[Black "Dominguez, Oscar"]
[Result "1-0"]
[WhiteElo "2122"]
[BlackElo "1921"]
[EventDate "2010.05.20"]
[PlyCount "87"]

1.e4 c5 2.Nc3 Nc6 3.g3 g6 4.Bg2 Bg7 5.d3 d6 6.Be3 Nd4 7.Qd2 Nf6 8.h3 Qb6 
9.Nd1 O-O 10.c3 Nc6 11.Ne2 Ne5 12.f4 Nc6 13.O-O Qc7 14.g4 d5 15.exd5 Nd8 
16.Ng3 Qd6 17.Ne4 Nxe4 18.dxe4 e6 19.e5 Qd7 20.Bxc5 Re8 21.Ne3 b6 22.Bd6 
Nb7 23.dxe6 fxe6 24.Rfd1 Rd8 25.Qe2 Qf7 26.Rd4 a5 27.Rad1 Ra7 28.Bb8 Rxd4 
29.Rxd4 Ra8 30.Bxb7 Bxb7 31.Rd8+ Bf8 32.Qc4 Qe7 33.Qc7 Qc5 34.Qxc5 bxc5 
35.Nc4 Kf7 36.Rd7+ Be7 37.Rxb7 Ke8 38.Bd6 Bxd6 39.exd6 h5 40.Ne5 hxg4 41.
Re7+ Kf8 42.Nxg6+ Kg8 43.d7 Rd8 44.Re8+ 1-0